000 00858nmc a2200313 a 4500
003 AR-BaBNM
005 20251128211556.0
008 104120s2004 ||||||||||||||000 | spa||
020 _a950-753-120-3
040 _cAR-BaBNM
100 1 _aSaracino, Luciano
245 1 0 _aFilgrid, el mago de los caminos
250 _a1ª ed.
260 _aBuenos Aires
_bPuerto de Palos
_c2004
300 0 _a76 p.
_bil.
490 0 _aHora de lectura
_vv. 18
500 0 _aLectura recomendada a partir de los 11 años
650 4 _aLITERATURA ARGENTINA
650 4 _aLITERATURA INFANTIL
650 4 _aCUENTOS
650 4 _aLITERATURA CONTEMPORANEA
650 4 _aACTIVIDADES DE APRENDIZAJE
653 _aENSENANZA DE LA LITERATURA
653 _aLITERATURA FANTASTICA
655 _aLITERATURA
800 1 _aBasch, Adela
942 _cBK
998 _cmartin
999 _c20265
_d20265